Ashes - Ghost Lyrics - Statistics

General Stats
  • This quiz has been taken 8 times
  • The average score is 23 of 31
Answer Stats
Answer % Correct
a
100%
A
100%
Ashes
100%
Ashes
100%
Ashes
100%
the
100%
the
100%
the
100%
all
80%
down
80%
fall
80%
in
80%
on
80%
on
80%
One,
80%
three
80%
two,
80%
water
80%
We
80%
full
60%
of
60%
of
60%
pocket
60%
Ring
60%
ring
60%
roses
60%
sea
60%
Atishoo,
40%
atishoo
40%
posies
40%
riverside
40%
No matching quizzes found
Score Distribution
Percent of People with Each Score
Percentile by Number Answered
Your Score History
You have not taken this quiz